| 000 | 00621nam a2200205Ia 4500 | ||
|---|---|---|---|
| 003 | GCL | ||
| 005 | 20240530104105.0 | ||
| 008 | 140319s9999 xx 000 0 ara d | ||
| 040 |
_aGCL / _cGCL |
||
| 082 | 0 | 4 |
_a616.857/ _bش أ |
| 110 | 0 | _4الشركة الشرقية للمطبوعات | |
| 245 | 1 | 2 |
_aالام الراس/ _bالشركة الشرقية للمطبوعات |
| 260 |
_aبيروت : _bالشركة الشرقية للمطبوعات، _c1988. |
||
| 300 |
_a97 ص.، _c19 سم. |
||
| 490 |
_aأسرتى _v0 |
||
| 650 | 0 | 4 | _aالعلاج |
| 650 | 0 | 4 | _aالصداع |
| 650 | 0 | 4 | _aالراس |
| 942 |
_2ddc _cBK |
||
| 999 |
_c44546 _d44546 |
||